[Event "Cadillac Open/5/5"]
[Site "?"]
[Date "1996.??.??"]
[Round "?"]
[White "Kulbacki, James"]
[Black "Moody, David"]
[Result "0-1"]
[WhiteElo "1915"]
[BlackElo "2050"]
[PlyCount "96"]
[EventDate "1996.??.??"]

{5/5} 1. e4 e5 2. d4 exd4 3. Qxd4 Nc6 4. Qa4 Bc5 5. Nf3 d6 6. c3 Nf6 7. Bg5 Bd7
8. Qc2 Qe7 9. Bd3 h6 10. Bh4 g5 11. Bg3 Nxe4 12. Bxe4 d5 13. Nbd2 Bf5 14. O-O-O
dxe4 15. Rhe1 O-O-O 16. Nxe4 Bxe4 17. Rxd8+ Rxd8 18. Qxe4 Qxe4 19. Rxe4 f5 20.
Rc4 Bb6 21. h4 f4 22. Bh2 Bxf2 23. hxg5 hxg5 24. Bg1 Bxg1 25. Nxg1 Ne5 26. Re4
Nd3+ 27. Kc2 g4 28. b4 c6 29. Re7 b6 30. a3 Rd5 31. c4 Re5 32. Rxe5 Nxe5 33.
Ne2 f3 34. gxf3 gxf3 35. Ng3 Nxc4 36. a4 Ne3+ 37. Kd3 Nd5 38. Kc4 f2 39. Nf1
Kd7 40. b5 Kd6 41. bxc6 Kxc6 42. Kd4 Kd6 43. Nd2 Nf6 44. Kc4 a6 45. Kd4 Ke6 46.
Ke3 Kd5 47. Kd3 Ne4 48. Nf1 Nc5+ 0-1

[Event "Eastpointe (EDO/4/7)"]
[Site "?"]
[Date "1996.??.??"]
[Round "?"]
[White "Kulbacki, James"]
[Black "Marson, Michael"]
[Result "1/2-1/2"]
[WhiteElo "1915"]
[BlackElo "1730"]
[PlyCount "93"]
[EventDate "1996.??.??"]

{4/(7)} 1. c3 Nf6 2. d4 g6 3. Nf3 Bg7 4. Bf4 d5 5. e3 c6 6. Be2 O-O 7. Nbd2 Qb6
8. b4 Bg4 9. h3 Bxf3 10. Bxf3 Nbd7 11. O-O a5 12. a3 axb4 13. axb4 Ra7 14. Nb3
Rfa8 15. Rxa7 Qxa7 16. Qa1 Qa2 17. Na5 Qxa1 18. Rxa1 Ra7 19. Rb1 Ne4 20. Bxe4
dxe4 21. Nc4 b5 22. Na5 Ra6 23. Rd1 e6 24. Bd6 f5 25. Rc1 e5 26. dxe5 Bxe5 27.
Bxe5 Nxe5 28. c4 bxc4 29. Nxc4 Nd3 30. Rb1 Ra4 31. f3 exf3 32. gxf3 Rxb4 33.
Rxb4 Nxb4 34. Kf2 Kf7 35. Ke2 Ke6 36. Kd2 g5 37. Kc3 Nd5+ 38. Kd4 h5 39. Nd2 g4
40. fxg4 hxg4 41. hxg4 fxg4 42. Ne4 Kf5 43. Ng3+ Kg5 44. e4 Nf4 45. Kc5 Nd3+
46. Kxc6 Kf4 47. Nh5+ 1/2-1/2

[Event "Eastpointe (EDO/2/8)"]
[Site "?"]
[Date "1996.??.??"]
[Round "?"]
[White "Kulbacki, James"]
[Black "Jointer, William"]
[Result "1-0"]
[WhiteElo "1915"]
[BlackElo "1710"]
[PlyCount "49"]
[EventDate "1996.??.??"]

{2/(8)} 1. b4 Nf6 2. Bb2 g6 3. c4 Bg7 4. e3 O-O 5. Nf3 b6 6. Be2 Bb7 7. Nc3 d6
8. d4 Nbd7 9. O-O c5 10. bxc5 dxc5 11. d5 Re8 12. Qc2 Qc7 13. e4 a6 14. Rab1 e6
15. Rfe1 Re7 16. d6 Qxd6 17. e5 Nxe5 18. Nxe5 Qxe5 19. Nd5 Qd6 20. Nxf6+ Kh8
21. Bd3 e5 22. Ne4 Qc6 23. f3 f5 24. Nc3 Rae8 25. Nd5 {[Remainder illegible;
1-0, 77?]} 1-0

[Event "Cadillac Open/1b/9"]
[Site "?"]
[Date "1996.??.??"]
[Round "?"]
[White "Kulbacki, James"]
[Black "Hogarth, Frank"]
[Result "1-0"]
[WhiteElo "1915"]
[BlackElo "1605"]
[PlyCount "61"]
[EventDate "1996.??.??"]

1. d4 d5 2. c4 Nf6 3. cxd5 Nxd5 4. Nf3 Bf5 5. g3 e6 6. Bg2 Bb4+ 7. Bd2 O-O 8.
O-O Qf6 9. a3 Bd6 10. Nc3 Ne7 11. e4 Bg4 12. e5 Qf5 13. exd6 cxd6 14. Bf4 e5
15. dxe5 dxe5 16. Bxe5 Nbc6 17. Bf4 Rad8 18. Qb3 Na5 19. Qb5 Qc2 20. Qxa5 Qxb2
21. Rab1 Qc2 22. Rfc1 Qf5 23. Qxf5 Nxf5 24. Ne5 h5 25. h3 Nd4 26. hxg4 Ne6 27.
Rxb7 Nxf4 28. gxf4 h4 29. Bd5 Rd6 30. Nxf7 h3 31. Nxd6+ 1-0

[Event "Lansing (MI Op/7/8)"]
[Site "?"]
[Date "1996.??.??"]
[Round "?"]
[White "Kulbacki, James"]
[Black "Carroll, Deuvoy"]
[Result "1/2-1/2"]
[WhiteElo "1915"]
[BlackElo "2130"]
[PlyCount "116"]
[EventDate "1996.??.??"]

{7/(8)} 1. d4 Nf6 2. c4 e6 3. Nf3 Bb4+ 4. Bd2 Bxd2+ 5. Qxd2 d6 6. Nc3 Nc6 7. g3
O-O 8. Bg2 Re8 9. O-O e5 10. d5 Ne7 11. e4 b6 12. b4 a5 13. a3 Nh5 14. c5 f5
15. Rfc1 h6 16. cxb6 cxb6 17. exf5 Bxf5 18. Nb5 Rc8 19. Na7 Rc7 20. Nb5 Rxc1+
21. Rxc1 Qd7 22. a4 Ra8 23. Rc7 Qd8 24. Nxe5 axb4 25. Qxb4 Rc8 26. Qc4 Nf6 27.
Rxc8 Nxc8 28. Nc6 Qe8 29. Qc3 Qe2 30. Ncd4 Qd1+ 31. Bf1 Bh3 32. Qd3 Qxf1+ 33.
Qxf1 Bxf1 34. Kxf1 Nxd5 35. Nf5 h5 36. Ke1 g6 37. Nfxd6 Nxd6 38. Nxd6 Nc3 39.
Kd2 Nxa4 40. Kd3 Kf8 41. Kc4 Ke7 42. Ne4 Ke6 43. f4 Kf5 44. Nf2 Nc5 45. Kd5 Nd7
46. h3 Nf6+ 47. Kd4 b5 48. Nd3 Nd7 49. Ke3 Nf6 50. Kf3 Nd5 51. g4+ Kf6 52. Nc5
b4 53. Nb3 Nc3 54. Nd4 Nd1 55. Nb3 Ke6 56. f5+ Kf6 57. fxg6 Kxg6 58. gxh5+ Kxh5
1/2-1/2

[Event "Cadillac Open/3/12"]
[Site "?"]
[Date "1996.??.??"]
[Round "?"]
[White "Kulbacki, James"]
[Black "Brumley, Ron"]
[Result "1-0"]
[WhiteElo "1915"]
[BlackElo "1605"]
[PlyCount "45"]
[EventDate "1996.??.??"]

{3/12} 1. b4 Nf6 2. Bb2 d5 3. e3 Bf5 4. c4 e6 5. Nf3 dxc4 6. Bxc4 Bxb4 7. Qa4+
Nc6 8. Bb5 Qd6 9. Nd4 Bxb1 10. Rxb1 e5 11. Bxc6+ bxc6 12. Qxc6+ Qxc6 13. Nxc6
Bd6 14. Nxe5 O-O 15. O-O Rab8 16. Nc6 Rb6 17. Bxf6 Rxc6 18. Bc3 Bc5 19. Rb5 Rd8
20. Rfb1 Bb6 21. a4 Kf8 22. a5 Bc5 23. Rxc5 1-0

[Event "Lansing (MI Op/6/14)"]
[Site "?"]
[Date "1996.??.??"]
[Round "?"]
[White "Kulbacki, James"]
[Black "Bailey, Greg"]
[Result "1-0"]
[WhiteElo "1915"]
[BlackElo "2000"]
[PlyCount "91"]
[EventDate "1996.??.??"]

{6/(14)} 1. f4 e5 2. Nh3 d5 3. g3 Bxh3 4. Bxh3 exf4 5. O-O fxg3 6. hxg3 Bd6 7.
Qe1 Nd7 8. Nc3 c6 9. e4 d4 10. Ne2 c5 11. d3 Qe7 12. Qf2 Ngf6 13. Bg5 h6 14.
Bxd7+ Qxd7 15. Bxf6 gxf6 16. Qxf6 Rg8 17. Kg2 Rg6 18. Qf5 Qc7 19. Rf3 Rd8 20.
Raf1 Rd7 21. Nf4 Bxf4 22. Rxf4 Re7 23. a4 Rge6 24. Qh7 Rg6 25. R1f3 Qe5 26.
Rxf7 Rxg3+ 27. Rxg3 Rxf7 28. Qxh6 Kd7 29. Rg5 Qe7 30. Rd5+ Kc7 31. Qh2+ Kc6 32.
Qh6+ Rf6 33. Qg5 Qf8 34. Rxc5+ Qxc5 35. Qxf6+ Kc7 36. Qf7+ Kb6 37. Qb3+ Ka5 38.
Qb5+ Qxb5 39. axb5 Kxb5 40. Kf3 Kc5 41. Kf4 a5 42. Kf5 a4 43. e5 b5 44. e6 Kd6
45. Kf6 b4 46. e7 1-0

[Event "Howell (US Am N/5/13)"]
[Site "?"]
[Date "1996.??.??"]
[Round "?"]
[White "Kuba, J."]
[Black "Sundeen, David"]
[Result "1/2-1/2"]
[WhiteElo "1945"]
[BlackElo "1705"]
[PlyCount "100"]
[EventDate "1996.??.??"]

{5/(13)} 1. d4 Nf6 2. c4 c5 3. d5 e6 4. Nc3 exd5 5. cxd5 d6 6. e4 g6 7. Bg5 Bg7
8. Nf3 O-O 9. h3 a6 10. a4 Qc7 11. Nd2 Nbd7 12. Bc4 Ne5 13. O-O Nxc4 14. Nxc4
Nd7 15. Be7 Re8 16. Bxd6 Qd8 17. Re1 Nb6 18. Nxb6 Qxb6 19. e5 Qxb2 20. Ne4 Bf5
21. Rb1 Qd4 22. Nxc5 Qxd1 23. Rbxd1 b5 24. axb5 axb5 25. g4 Bc2 26. Rc1 Ba4 27.
Nd7 b4 28. Nb6 Ra6 29. Nxa4 Rxa4 30. Rb1 Ra5 31. Rxb4 Rxd5 32. Rb8 Rxb8 33.
Bxb8 Rd8 34. Bd6 Re8 35. Kg2 Bf8 36. Rd1 Bxd6 37. exd6 Kf8 38. Kf3 f6 39. h4
Kf7 40. d7 Rd8 41. Ke4 Ke7 42. f4 Rxd7 43. Rxd7+ Kxd7 44. Kd5 Ke7 45. f5 gxf5
46. gxf5 Kd7 47. Kc5 Kc7 48. Kd5 Kd7 49. h5 h6 50. Kc5 Kc7 1/2-1/2

[Event "Howell (US Am N/3/18)"]
[Site "?"]
[Date "1996.??.??"]
[Round "?"]
[White "Kuba, J."]
[Black "Sullivant-Jones, W."]
[Result "1-0"]
[WhiteElo "1945"]
[BlackElo "1605"]
[PlyCount "155"]
[EventDate "1996.??.??"]

{3/(18)} 1. d4 Nf6 2. c4 d6 3. Nc3 g6 4. e4 Bg7 5. Nf3 O-O 6. Be2 Nbd7 7. O-O
Re8 8. Ne1 e5 9. d5 Nc5 10. Qc2 c6 11. dxc6 bxc6 12. Be3 Ne6 13. Rd1 Qe7 14.
Qa4 c5 15. Nd5 Nxd5 16. cxd5 Bd7 17. Qa3 Nc7 18. Nc2 f5 19. f3 f4 20. Bxc5 dxc5
21. d6 Qd8 22. dxc7 Qxc7 23. Bc4+ Kh8 24. Bd5 Rab8 25. Qc3 Qb6 26. Rb1 Red8 27.
Na3 Bb5 28. Nxb5 Qxb5 29. b3 Qb6 30. Qc4 Qa5 31. a4 Rb4 32. Qc2 Qb6 33. Bc4 Rd4
34. Rfd1 h6 35. Kf1 Bf6 36. Rbc1 Be7 37. Rd3 Kg7 38. Rcd1 Kf6 39. Ke2 a5 40.
Qd2 g5 41. Qe1 Qc7 42. h4 Kg7 43. Qh1 Qd6 44. Qh3 Rb6 45. hxg5 Bxg5 46. Qf5 Bf6
47. Qg4+ Bg5 48. Qf5 Qe7 49. Rxd4 exd4 50. Qc8 Rb7 51. Qg8+ Kf6 52. Qh8+ Kg6
53. e5 Rd7 54. Bd3+ Kf7 55. Qh7+ Kf8 56. Qh8+ Kf7 57. Qh7+ Kf8 58. Qf5+ Qf7 59.
Qxf7+ Kxf7 60. Bc4+ Ke7 61. Kd3 Kd8 62. Ke4 Ke7 63. Bb5 Rd8 64. Rc1 d3 65. Rd1
d2 66. Bc4 Kf8 67. Bd5 Re8 68. Rxd2 Bf6 69. e6 Bg5 70. Bc4 Rd8 71. Rxd8+ Bxd8
72. Kd5 Be7 73. Kc6 Ke8 74. Kb6 Kd8 75. Kxa5 Kc7 76. Kb5 Kb7 77. a5 Ka7 78. Kc6
1-0

[Event "Ann Arbor (Mini-Swiss/1/2)"]
[Site "?"]
[Date "1996.??.??"]
[Round "?"]
[White "Kuba, J."]
[Black "Koster, Ed"]
[Result "0-1"]
[WhiteElo "2160"]
[BlackElo "1860"]
[PlyCount "48"]
[EventDate "1996.??.??"]

{1/(2)} 1. d4 Nf6 2. c4 g6 3. Nc3 d5 4. cxd5 Nxd5 5. e4 Nxc3 6. bxc3 Bg7 7. Bc4
O-O 8. Be3 b6 9. Nf3 Bb7 10. Qc2 Nc6 11. O-O Na5 12. Be2 c5 13. dxc5 bxc5 14.
Bf4 Qd7 15. Rfd1 Qg4 16. Bc7 Bxe4 17. Qa4 Bxf3 18. Qxg4 Bxg4 19. Bxg4 Nc6 20.
Rac1 Be5 21. Rd7 Rac8 22. Bxe5 Nxe5 23. Bh3 Nxd7 24. Bxd7 Rb8 0-1

[Event "Howell (US Am N/1/13)"]
[Site "?"]
[Date "1996.??.??"]
[Round "?"]
[White "Kuba, J."]
[Black "Gregg, Ted"]
[Result "1-0"]
[WhiteElo "1945"]
[BlackElo "1605"]
[PlyCount "85"]
[EventDate "1996.??.??"]

{1/(13)} 1. f4 d5 2. Nf3 Nf6 3. e3 Bf5 4. b3 g6 5. Bb2 Bg7 6. Be2 O-O 7. O-O
Nbd7 8. Ne5 Nxe5 9. Bxe5 Nd7 10. Bxg7 Kxg7 11. g4 Be6 12. f5 gxf5 13. gxf5 Bxf5
14. Rxf5 e6 15. Rf2 Kh8 16. Qf1 Qh4 17. Nc3 Rg8+ 18. Kh1 f5 19. Rf4 Qh6 20. Qf2
Rg5 21. Rg1 Rag8 22. Rxg5 Rxg5 23. Rh4 Qg7 24. Rh3 Nf6 25. Rg3 Rxg3 26. Qxg3
Qxg3 27. hxg3 c6 28. Kg2 Kg7 29. b4 Ne4 30. Nxe4 fxe4 31. d4 Kf6 32. Bh5 e5 33.
c3 Ke6 34. Kh3 exd4 35. cxd4 b6 36. Kg4 h6 37. Kf4 Kd6 38. Kf5 c5 39. a3 cxb4
40. axb4 a5 41. bxa5 bxa5 42. Be8 Ke7 43. Ba4 1-0

[Event "Ann Arbor (Mini-Swiss/3/4)"]
[Site "?"]
[Date "1996.??.??"]
[Round "?"]
[White "Kuba, J."]
[Black "Carrara, W."]
[Result "1-0"]
[WhiteElo "1860"]
[BlackElo "1725"]
[PlyCount "44"]
[EventDate "1996.??.??"]

{3/(4)} 1. d4 c5 2. d5 e5 3. e4 d6 4. Bb5+ Nd7 5. a4 a6 6. Be2 g6 7. Nf3 Ne7 8.
Nbd2 f5 9. a5 Nf6 10. exf5 Nxf5 11. Nc4 Nd7 12. Ng5 Ng7 13. Ne4 Qc7 14. Bg4 Nf5
15. Bxf5 gxf5 16. Qh5+ Kd8 17. Bg5+ Be7 18. Bxe7+ Kxe7 19. Qg5+ Kf7 20. Qxf5+
Kg7 21. Qg5+ Kf8 22. Qh6+ Ke7 1-0

[Event "Lansing (MOR/2/42)"]
[Site "?"]
[Date "1996.??.??"]
[Round "?"]
[White "Krzyston, Joe"]
[Black "Williams, Claude"]
[Result "0-1"]
[WhiteElo "1605"]
[BlackElo "1605"]
[PlyCount "108"]
[EventDate "1996.??.??"]

{2/(42)} 1. e4 Nf6 2. d3 e6 3. Bg5 h6 4. Be3 b6 5. Nf3 Bb7 6. Nc3 Bb4 7. Be2
Bxc3+ 8. bxc3 c5 9. O-O d6 10. c4 Nbd7 11. c3 g5 12. Nd2 Ne5 13. d4 Ng6 14. Qb3
O-O 15. h3 Nxe4 16. Nxe4 Bxe4 17. f3 Bb7 18. Rad1 Nh4 19. g3 Nf5 20. Bf2 Qd7
21. Qc2 Ne7 22. dxc5 d5 23. Bd3 f5 24. g4 Rf7 25. cxb6 axb6 26. Bxb6 Qd6 27.
Be2 Qxb6+ 28. Kg2 Qd6 29. Qb3 Ng6 30. Kf2 Nf4 31. Rh1 Qc5+ 32. Ke1 Ng2+ 33. Kd2
Qe3+ 34. Kc2 Qxe2+ 35. Rd2 Ne3+ 36. Kc1 Qxc4 37. Qb2 f4 38. Rd4 Qxa2 39. Qxa2
Rxa2 40. Kb1 Rc2 41. Rc1 Rxc1+ 42. Kxc1 Rc7 43. Kd2 Rc4 44. Kd3 Ba6 45. Kd2
Rxd4+ 46. cxd4 Bf1 47. Ke1 Bxh3 48. Ke2 Bg2 49. Kd3 Kf8 50. Ke2 Ke7 51. Ke1 Kd6
52. Kf2 Kc6 53. Ke2 Kb5 54. Kd3 Bxf3 0-1

[Event "Lansing (MOR/5/43)"]
[Site "?"]
[Date "1996.??.??"]
[Round "?"]
[White "Krzyston, Joe"]
[Black "Raupp, L."]
[Result "0-1"]
[WhiteElo "1605"]
[BlackElo "1605"]
[PlyCount "88"]
[EventDate "1996.??.??"]

{5/(43)} 1. e4 e6 2. d4 d5 3. Nc3 Bb4 4. a3 Bxc3+ 5. bxc3 dxe4 6. f3 Nf6 7. Bg5
exf3 8. Nxf3 b6 9. h3 Ba6 10. Bd3 Bxd3 11. Qxd3 Nc6 12. O-O O-O 13. c4 Re8 14.
Rfe1 h6 15. Bh4 Qd6 16. Bxf6 gxf6 17. c3 e5 18. Nh4 exd4 19. Rxe8+ Rxe8 20. Nf5
Qf4 21. Qg3+ Qxg3 22. Nxg3 dxc3 23. Rc1 Re3 24. Nf5 Rd3 25. Nxh6+ Kg7 26. Nf5+
Kh7 27. Kh2 Ne5 28. Ng3 Nxc4 29. Ne4 Ne3 30. Rxc3 Rxc3 31. Nxc3 a6 32. Ne4 Kg6
33. Nc3 c5 34. a4 Kg5 35. g3 f5 36. Ne2 b5 37. axb5 axb5 38. Nc3 b4 39. Nb1 c4
40. Kg1 c3 41. Kf2 c2 42. Nd2 c1=Q 43. Nf3+ Kf6 44. h4 Ng4+ 0-1

[Event "Lansing (MOR/1a/20)"]
[Site "?"]
[Date "1996.??.??"]
[Round "?"]
[White "Krzyston, Joe"]
[Black "Nikitin, Mike"]
[Result "0-1"]
[WhiteElo "1605"]
[BlackElo "1605"]
[PlyCount "72"]
[EventDate "1996.??.??"]

1. e4 e6 2. d4 d5 3. Nc3 Nf6 4. Bg5 Be7 5. h4 Nxe4 6. Bxe7 Qxe7 7. Nxe4 dxe4 8.
c3 O-O 9. g3 b6 10. Qe2 Bb7 11. Qe3 Nd7 12. Be2 c5 13. Rd1 Nf6 14. c4 Rfd8 15.
f3 Qd6 16. f4 cxd4 17. Qa3 Qxa3 18. bxa3 d3 19. Bf1 Ng4 20. Rd2 e3 21. Rxd3
Rxd3 22. Bxd3 Bxh1 23. Ke2 f5 24. Nh3 h6 25. a4 Rc8 26. a3 Rc5 27. Kd1 Bf3+ 28.
Ke1 Bc6 29. Ng1 Bxa4 30. Nf3 Bb3 31. h5 Bxc4 32. Ke2 Bxd3+ 33. Kxd3 Ra5 34. Nd4
Rxa3+ 35. Ke2 Ra2+ 36. Kf3 Rf2# 0-1

[Event "Kalamazoo (Mini-Swiss.3/1)"]
[Site "?"]
[Date "1996.??.??"]
[Round "?"]
[White "Krzyston, Joe"]
[Black "Cartes, T."]
[Result "1-0"]
[WhiteElo "1605"]
[BlackElo "1605"]
[PlyCount "37"]
[EventDate "1996.??.??"]

{3/(1)} 1. e4 e5 2. Nf3 d6 3. d4 Nc6 4. Bb5 a6 5. Ba4 exd4 6. Nxd4 Nf6 7. Nxc6
bxc6 8. Bxc6+ Bd7 9. Bxa8 Qxa8 10. O-O Be7 11. Bg5 h6 12. Bxf6 gxf6 13. Nc3 c5
14. Nd5 Bc6 15. Nc7+ Kd8 16. Nxa8 Bxa8 17. c4 Bxe4 18. Qg4 Ke8 19. Qxe4 1-0

[Event "Lansing (MOR/2/50)"]
[Site "?"]
[Date "1996.??.??"]
[Round "?"]
[White "Krimmel, J."]
[Black "Yahkind, Andrew"]
[Result "1-0"]
[WhiteElo "1605"]
[BlackElo "1605"]
[PlyCount "85"]
[EventDate "1996.??.??"]

{2/(50)} 1. e4 e5 2. Nf3 Nc6 3. Bc4 Bc5 4. d3 Nf6 5. Nc3 O-O 6. O-O d6 7. Bd2
Bg4 8. h3 Bh5 9. a3 Nd4 10. Be3 Nxf3+ 11. gxf3 Bxe3 12. fxe3 c6 13. Ne2 d5 14.
Ba2 dxe4 15. Ng3 exf3 16. Nxh5 Nxh5 17. Qxf3 Qg5+ 18. Kh2 Nf6 19. Rad1 Rae8 20.
Rd2 e4 21. Qg3 Qxg3+ 22. Kxg3 exd3 23. Rxd3 Ne4+ 24. Kh2 g6 25. Rd7 Ng5 26. h4
Ne6 27. Rxb7 Rb8 28. Rxb8 Rxb8 29. b4 Rb7 30. c3 c5 31. Kg3 Kf8 32. Bxe6 f5 33.
e4 Ke7 34. exf5 cxb4 35. cxb4 Rc7 36. Rf3 Rc1 37. Kg2 gxf5 38. Bxf5 h6 39. Bg6
a6 40. Rf7+ Ke6 41. Rf3 Rc8 42. Bd3 Ra8 43. Kg3 {[Remainder illegible; 1-0,
56?]} 1-0

[Event "Lansing (MOR/1b/21)"]
[Site "?"]
[Date "1996.??.??"]
[Round "?"]
[White "Krimmel, J."]
[Black "Wright, Walter"]
[Result "0-1"]
[WhiteElo "1605"]
[BlackElo "1605"]
[PlyCount "107"]
[EventDate "1996.??.??"]

1. e4 e5 2. Nf3 Nc6 3. Bc4 Nf6 4. d3 Be7 5. Nc3 O-O 6. h3 d6 7. a3 Na5 8. Ba2
Be6 9. O-O h6 10. Bd2 c5 11. b4 Nc6 12. Na4 b5 13. Nc3 a6 14. Nd5 Nd4 15. Nxd4
cxd4 16. c3 dxc3 17. Bxc3 Rc8 18. Rc1 Nxd5 19. Bxd5 Bg5 20. Bd2 Qf6 21. Bxe6
fxe6 22. Bxg5 Qxg5 23. f3 Qe3+ 24. Kh1 Rxc1 25. Qxc1 Qb6 26. Re1 Qb7 27. Re2
Rc8 28. Rc2 Rxc2 29. Qxc2 Qe7 30. Kh2 Kf7 31. g4 g5 32. Qc1 d5 33. Kg3 Qa7 34.
Qc5 Qxc5 35. bxc5 Ke7 36. Kf2 d4 37. Ke2 Kd7 38. Kd2 Kc6 39. Kc2 Kxc5 40. Kb3
a5 41. a4 Kb6 42. axb5 Kxb5 43. Ka3 a4 44. Kb2 Kb4 45. Ka2 a3 46. Ka1 Kc3 47.
Ka2 Kxd3 48. Kxa3 Kc2 49. h4 gxh4 50. Kb4 d3 51. Kc5 d2 52. Kd6 d1=Q+ 53. Kxe6
Qxf3 54. Kxe5 0-1

[Event "Lansing (MOR/5/41)"]
[Site "?"]
[Date "1996.??.??"]
[Round "?"]
[White "Krimmel, J."]
[Black "Gregg, Ted"]
[Result "1-0"]
[WhiteElo "1605"]
[BlackElo "1605"]
[PlyCount "111"]
[EventDate "1996.??.??"]

{5/(41)} 1. e4 e5 2. Nf3 Nc6 3. Nc3 Bc5 4. d3 Nf6 5. Bg5 d6 6. Nd5 Be6 7. Nxf6+
gxf6 8. Bh4 Qe7 9. Be2 O-O-O 10. Qd2 Rdg8 11. g3 Rg6 12. O-O Qd7 13. Bd1 Bh3
14. Re1 Qg4 15. Nxe5 Qe6 16. Nxg6 fxg6 17. c3 g5 18. Bxg5 fxg5 19. Qxg5 Rg8 20.
Qf4 Ne5 21. Bb3 Qg4 22. Qxg4+ Nxg4 23. d4 Rf8 24. Be6+ Kd8 25. Bxg4 Bxd4 26.
cxd4 Bxg4 27. e5 d5 28. e6 Ke7 29. Rac1 c6 30. a4 Bxe6 31. b4 Kd6 32. b5 Rf3
33. bxc6 bxc6 34. Red1 Ra3 35. Ra1 Rc3 36. h4 a5 37. Kh2 Rc4 38. Rd2 h5 39. f3
c5 40. dxc5+ Kxc5 41. Rf2 d4 42. f4 Bf5 43. Re2 Kd6 44. Re5 Rc5 45. Re8 d3 46.
Rd8+ Ke7 47. Rd4 Ke6 48. Re1+ Kf6 49. Kg1 Rc2 50. Rd1 Rc3 51. Rd5 Rc2 52. Rxa5
d2 53. Rd5 Rc1 54. R5xd2 Rxd1+ 55. Rxd1 Bc2 56. Ra1 1-0

[Event "Lansing (MOR/6/27)"]
[Site "?"]
[Date "1996.??.??"]
[Round "?"]
[White "Krimmel, J."]
[Black "Crysler, Jerry"]
[Result "0-1"]
[WhiteElo "1605"]
[BlackElo "1605"]
[PlyCount "158"]
[EventDate "1996.??.??"]

{6/(27)} 1. e4 d6 2. d4 Bd7 3. Nc3 e6 4. Nf3 Ne7 5. e5 d5 6. Bg5 h6 7. Bh4 g5
8. Bg3 Ng6 9. Bd3 Bg7 10. Qe2 Nc6 11. a3 g4 12. Bxg6 fxg6 13. Nh4 Nxd4 14. Qd3
Nf5 15. Nxg6 Rg8 16. O-O-O Qg5+ 17. Nf4 Nxg3 18. hxg3 Bxe5 19. Qd2 O-O-O 20.
Kb1 Rdf8 21. Nce2 Rh8 22. Rh5 Qg7 23. Qe3 Bxf4 24. Nxf4 Kb8 25. Re5 c6 26. Re1
Re8 27. Nxe6 Bxe6 28. Rxe6 Rxe6 29. Qf4+ Kc8 30. Rxe6 Rf8 31. Qe3 a6 32. Re7
Qf6 33. Re8+ Rxe8 34. Qxe8+ Kc7 35. Qe1 b5 36. b3 Kb6 37. b4 h5 38. Qd2 Kb7 39.
c3 Qe5 40. Ka2 Qe4 41. Kb2 Qxg2 42. Qf4 Qf3 43. Qd4 Qe2+ 44. Ka1 Qf1+ 45. Kb2
Qe2+ 46. Ka1 Qe4 47. Qg7+ Kb6 48. Qd4+ Qxd4 49. cxd4 a5 50. Kb2 axb4 51. axb4
Kc7 52. Kc3 Kd6 53. Kd3 Ke6 54. Ke3 Kf5 55. f3 gxf3 56. Kxf3 Kg5 57. Kf2 Kf5
58. Ke3 Kg4 59. Kf2 h4 60. gxh4 Kxh4 61. Kf3 Kg5 62. Ke3 Kg4 63. Kd3 Kf3 64.
Kd2 Ke4 65. Kc3 Ke3 66. Kb3 Kxd4 67. Kb2 Kc4 68. Kc2 Kxb4 69. Kd2 c5 70. Kc2 c4
71. Kb2 d4 72. Kc2 Ka3 73. Kd2 Kb2 74. Kd1 d3 75. Kd2 b4 76. Kd1 c3 77. Ke1 Kc2
78. Kf1 d2 79. Ke2 d1=Q+ 0-1

[Event "Cadillac Open/3/18"]
[Site "?"]
[Date "1996.??.??"]
[Round "?"]
[White "Kreger, David"]
[Black "O'Dell, Ray"]
[Result "1-0"]
[WhiteElo "1620"]
[BlackElo "1605"]
[PlyCount "51"]
[EventDate "1996.??.??"]

{3/18} 1. d4 d5 2. c4 dxc4 3. Nf3 e6 4. e3 b5 5. Ne5 Bd6 6. Nxf7 Kxf7 7. Qf3+
Nf6 8. Qxa8 c6 9. Qxa7+ Bd7 10. Bd2 b4 11. Bxc4 Ne4 12. Bd3 Qh4 13. Bxe4 Qxe4
14. f3 Qh4+ 15. Ke2 Bxh2 16. Be1 Qh5 17. Bg3 e5 18. Bxe5 Kg6 19. Rxh2 Qf5 20.
Bxb8 Qc2+ 21. Nd2 Be6 22. b3 Rd8 23. Bc7 Rd7 24. Qa5 Qc3 25. Qh5+ Kf6 26. Ne4+
1-0

[Event "Cadillac Open/1a/10"]
[Site "?"]
[Date "1996.??.??"]
[Round "?"]
[White "Kreger, David"]
[Black "McNew, D."]
[Result "1/2-1/2"]
[WhiteElo "1620"]
[BlackElo "1605"]
[PlyCount "81"]
[EventDate "1996.??.??"]

1. e4 c5 2. Nf3 d6 3. d4 cxd4 4. Nxd4 Nf6 5. Nc3 e5 6. Nb3 Be7 7. Be2 O-O 8.
O-O Nc6 9. Be3 a6 10. a4 Be6 11. a5 Qd7 12. Bf3 Bd8 13. Nd5 Bxd5 14. exd5 Ne7
15. c4 Nf5 16. Bg5 h6 17. Bxf6 Bxf6 18. Be4 Nd4 19. Nxd4 exd4 20. Qd3 g6 21. f4
Rac8 22. Kh1 Rfe8 23. b3 Re7 24. Rae1 Rce8 25. g3 Kh8 26. Re2 h5 27. Kg2 Kg7
28. Rfe1 Kf8 29. Qf3 Qg4 30. Qd3 Bg7 31. b4 Qc8 32. Bf3 Re3 33. Rxe3 Rxe3 34.
Rxe3 dxe3 35. Be2 Qe8 36. b5 Bb2 37. Kf3 Bc1 38. bxa6 bxa6 39. Qd4 Qd7 40. Kg2
Qf5 41. Qd3 1/2-1/2

[Event "Detroit (MI Action/1/21)"]
[Site "?"]
[Date "1996.??.??"]
[Round "?"]
[White "Krasowski, Simon"]
[Black "Gorman, J."]
[Result "0-1"]
[WhiteElo "1605"]
[BlackElo "1605"]
[PlyCount "45"]
[EventDate "1996.??.??"]

{1/(21)} 1. e4 e5 2. Nf3 d6 3. Bc4 h6 4. O-O Nf6 5. h3 a6 6. Nc3 Nc6 7. d3 Bd7
8. Re1 Qc8 9. Nh2 Nd4 10. Be3 g5 11. Nd5 Nxd5 12. exd5 Nf5 13. d4 b5 14. Bd3
Be7 15. dxe5 dxe5 16. Bxf5 Bxf5 17. Bc1 Bd6 18. b3 O-O 19. Bb2 f6 20. Nf3 Bxh3
21. gxh3 Qxh3 22. Nd2 e4 23. Nxe4 0-1

[Event "Detroit (MEX/4/4)"]
[Site "?"]
[Date "1996.??.??"]
[Round "?"]
[White "Koster, Ed"]
[Black "Ward, Tom"]
[Result "0-1"]
[WhiteElo "2100"]
[BlackElo "2210"]
[PlyCount "66"]
[EventDate "1996.??.??"]

{4/(4)} 1. Nf3 Nf6 2. c4 e6 3. g3 d5 4. d4 Bb4+ 5. Bd2 Bxd2+ 6. Qxd2 O-O 7. Bg2
Nbd7 8. O-O Ne4 9. Qc2 c6 10. Nc3 Nd6 11. c5 Nf5 12. Bh3 Qf6 13. Rad1 Qh6 14.
Bg2 Ne7 15. e4 f5 16. exf5 exf5 17. Rfe1 Ng6 18. Re2 Nf6 19. Ne5 f4 20. Rde1
Ng4 21. Nxg4 Bxg4 22. Rd2 Rae8 23. Rxe8 Rxe8 24. f3 fxg3 25. hxg3 Re1+ 26. Bf1
Qe3+ 27. Rf2 Bh3 28. Nd1 Rxf1+ 29. Kh2 Rxd1 30. Kxh3 Qh6+ 31. Kg4 Rxd4+ 32. f4
Ne5+ 33. Kf5 Qf6# 0-1

[Event "Detroit (MEX/3/3)"]
[Site "?"]
[Date "1996.??.??"]
[Round "?"]
[White "Koster, Ed"]
[Black "Thompson, Dexter"]
[Result "1-0"]
[WhiteElo "2100"]
[BlackElo "2345"]
[PlyCount "93"]
[EventDate "1996.??.??"]

{3/(3)} 1. Nf3 Nf6 2. c4 e6 3. g3 b6 4. Bg2 Bb7 5. O-O c5 6. Nc3 h5 7. d4 cxd4
8. Qxd4 Nc6 9. Qh4 Ne7 10. Nb5 Nf5 11. Qf4 Rc8 12. b3 a6 13. Nbd4 Bd6 14. Qd2
Nxd4 15. Nxd4 Bxg2 16. Kxg2 h4 17. Bb2 hxg3 18. hxg3 Rc5 19. Rh1 Rch5 20. Nf5
exf5 21. Rxh5 Rxh5 22. Qxd6 Ng4 23. Bxg7 Qe7 24. Qb8+ Qd8 25. Qxd8+ Kxd8 26.
Bd4 Rh2+ 27. Kg1 Rh6 28. f3 Rd6 29. e3 Nh6 30. Kf2 f6 31. Rh1 Nf7 32. Rh5 b5
33. cxb5 axb5 34. Rxf5 Ra6 35. a4 bxa4 36. Rxf6 d6 37. Rxf7 a3 38. Ra7 Rc6 39.
Rxa3 Rc2+ 40. Kg1 Kd7 41. g4 Ke6 42. Ra1 Kf7 43. b4 Kg6 44. f4 Kf7 45. b5 Ke6
46. b6 Kd5 47. b7 1-0

[Event "Lansing (MI Op/3/27)"]
[Site "?"]
[Date "1996.??.??"]
[Round "?"]
[White "Koster, Ed"]
[Black "Steverson, Bunnard"]
[Result "1-0"]
[WhiteElo "2130"]
[BlackElo "1855"]
[PlyCount "53"]
[EventDate "1996.??.??"]

{3/(27)} 1. Nf3 Nf6 2. c4 c5 3. Nc3 Nc6 4. d4 cxd4 5. Nxd4 d5 6. cxd5 Nxd5 7.
Nxc6 bxc6 8. Bd2 Rb8 9. e4 Nb4 10. Bf4 Qxd1+ 11. Rxd1 Nc2+ 12. Kd2 Rxb2 13. Kc1
e5 14. Kxb2 exf4 15. Kxc2 Bc5 16. f3 O-O 17. Bc4 g6 18. g3 Bh3 19. Bf1 Be6 20.
g4 Rb8 21. Bd3 Bb6 22. Rb1 c5 23. Nd5 g5 24. h4 Bxd5 25. exd5 h6 26. hxg5 hxg5
27. Rh5 1-0

[Event "Ann Arbor (Mini-Swiss/3/3)"]
[Site "?"]
[Date "1996.??.??"]
[Round "?"]
[White "Koster, Ed"]
[Black "Sobocinski, Mike"]
[Result "1-0"]
[WhiteElo "2105"]
[BlackElo "1945"]
[PlyCount "119"]
[EventDate "1996.??.??"]

{3/(3)} 1. Nf3 d5 2. d4 Nf6 3. c4 e6 4. g3 Be7 5. Bg2 O-O 6. O-O c5 7. cxd5
Nxd5 8. Nc3 Nc6 9. e4 Nf6 10. dxc5 Bxc5 11. e5 Qxd1 12. Rxd1 Ng4 $2 13. Ne4 Bb6
14. Bf4 g5 15. Bxg5 Ngxe5 16. Nxe5 Nxe5 17. Be7 f5 18. Bxf8 fxe4 19. Bh6 Ng4
20. Be3 Nxe3 21. fxe3 Bxe3+ 22. Kh1 Bb6 23. Bxe4 e5 24. Rac1 Bg4 25. Bxb7 Rb8
26. Bd5+ Kg7 27. Rf1 Rd8 28. Rf7+ Kh8 29. Be4 Kg8 30. Rff1 Rd4 31. Bf3 Bh3 32.
Rfe1 Rd3 33. Rc3 Rd2 34. b4 Bd4 35. Bd5+ Kf8 36. Rf3+ Ke8 37. Rf4 Kd7 38. Rf7+
Kd6 39. Rxh7 Bf5 40. Rh5 Bf2 41. Rc1 Bg4 42. Rh4 Be2 43. Be4 Bb5 44. Rh6+ Kd7
45. a3 Be3 46. Bf5+ Kd8 47. Rc8+ Ke7 48. Re6+ Kf7 49. Rc7+ Rd7 50. Rxd7+ Bxd7
51. Rxe5 Bc6+ 52. Be4 Bd4 53. Bd5+ Kf6 $4 54. Re6+ Kf5 55. Rxc6 Ke5 56. Kg2
Kxd5 57. Rc8 Bb2 58. a4 Ba3 59. b5 Bc5 60. Kf3 1-0